000 00665cab a2200217 4500
001 WB2733-22
008 090401t1991 xxu||||| |||| 00| 0 eng d
035 _a(Sirsi) u64641
041 _aeng
245 _aDrilling plans strike opposition
260 _c1991
350 _a0
490 _aFinancial Times
_v22/8/91 p9
520 _aExamines the issues involved with onshore exploration of minerals in this country, and Shell announce they are to drill for oil off the coast near Sunderland .
650 _aDRILLING LICENCES
650 _aLANDWARD LICENCES
650 _aWYTCH FARM
690 _aMINING AND MINERALS
942 _n0
948 _c04/03/1997
999 _c40269
_d40269